[Event "Grand Swiss "]
[Date "2025.09.14"]
[White "Korobov, Anton"]
[Black "Murzin, Volodar"]
[WhiteElo "2616"]
[BlackElo "2670"]
[Round "9.9.24"]
[Result "0-1"]

1. d4 {[%clk 01:40:57]} Nf6 {[%clk 01:40:56] [%emt 00:00:05]} 2. Nf3 {[%clk
01:41:17] [%emt 00:00:10]} e6 {[%clk 01:41:14] [%emt 00:00:12]} 3. Bg5 {[%clk
01:41:28] [%emt 00:00:19]} h6 {[%clk 01:41:22] [%emt 00:00:22]} 4. Bh4 {[%clk
01:41:52] [%emt 00:00:05]} b6 {[%clk 01:35:01] [%emt 00:06:52]} 5. Nbd2 {[%clk
01:39:26] [%emt 00:02:55]} Bb7 {[%clk 01:34:58] [%emt 00:00:34]} 6. e3 {[%clk
01:39:40] [%emt 00:00:15]} Be7 {[%clk 01:31:19] [%emt 00:04:10]} 7. Bd3 {[%clk
01:38:37] [%emt 00:01:32]} d6 {[%clk 01:27:25] [%emt 00:04:24]} 8. h3 {[%clk
01:30:38] [%emt 00:08:29]} Nbd7 {[%clk 01:26:07] [%emt 00:01:49]} 9. c3 {[%clk
01:27:56] [%emt 00:03:11]} Nh5 {[%clk 01:14:31] [%emt 00:12:06]} 10. Bxe7 {[%clk
01:24:44] [%emt 00:03:42]} Qxe7 {[%clk 01:13:01] [%emt 00:02:00]} 11. a4 {[%clk
01:14:55] [%emt 00:10:20]} a5 {[%clk 01:03:22] [%emt 00:10:09]} 12. Qe2 {[%clk
01:04:37] [%emt 00:10:48]} Nhf6 {[%clk 01:00:49] [%emt 00:03:03]} 13. e4 {[%clk
01:03:27] [%emt 00:01:39]} e5 {[%clk 00:59:09] [%emt 00:02:11]} 14. O-O-O {[%clk
00:53:19] [%emt 00:10:37]} O-O {[%clk 00:56:14] [%emt 00:03:26]} 15. g4 {[%clk
00:52:53] [%emt 00:00:56]} Rfe8 {[%clk 00:52:35] [%emt 00:04:09]} 16. Rhe1
{[%clk 00:44:42] [%emt 00:08:41]} Nf8 {[%clk 00:43:42] [%emt 00:09:23]} 17. g5
{[%clk 00:41:30] [%emt 00:03:42]} Nh5 {[%clk 00:43:07] [%emt 00:01:04]} 18. gxh6
{[%clk 00:40:23] [%emt 00:01:37]} Nf4 {[%clk 00:43:29] [%emt 00:00:08]} 19. Qf1
{[%clk 00:40:40] [%emt 00:00:13]} gxh6 {[%clk 00:43:19] [%emt 00:00:41]} 20. Nc4
{[%clk 00:38:37] [%emt 00:02:33]} Qf6 {[%clk 00:36:48] [%emt 00:07:01]} 21. Qg1+
{[%clk 00:18:10] [%emt 00:20:57]} N8g6 {[%clk 00:35:39] [%emt 00:01:39]} 22. Bf1
{[%clk 00:18:16] [%emt 00:00:23]} exd4 {[%clk 00:26:40] [%emt 00:09:29]} 23.
Nxd4 {[%clk 00:14:57] [%emt 00:03:49]} Rxe4 {[%clk 00:25:53] [%emt 00:01:18]}
24. Rxe4 {[%clk 00:13:34] [%emt 00:01:52]} Bxe4 {[%clk 00:24:42] [%emt
00:01:41]} 25. f3 {[%clk 00:13:59] [%emt 00:00:05]} Bb7 {[%clk 00:23:37] [%emt
00:01:36]} 26. Ne3 {[%clk 00:14:03] [%emt 00:00:25]} h5 {[%clk 00:19:50] [%emt
00:04:16]} 27. Bb5 {[%clk 00:06:26] [%emt 00:08:07]} Kh8 {[%clk 00:14:48] [%emt
00:05:33]} 28. Kb1 {[%clk 00:04:44] [%emt 00:02:12]} Rg8 {[%clk 00:14:18] [%emt
00:00:59]} 29. Qh2 {[%clk 00:04:41] [%emt 00:00:33]} Bc8 {[%clk 00:14:07] [%emt
00:00:42]} 30. Bc6 {[%clk 00:03:32] [%emt 00:01:39]} Nh4 {[%clk 00:07:28] [%emt
00:07:09]} 31. Be4 {[%clk 00:03:29] [%emt 00:00:33]} Nhg2 {[%clk 00:07:40] [%emt
00:00:18]} 32. Nec2 {[%clk 00:01:27] [%emt 00:02:32]} d5 {[%clk 00:06:55] [%emt
00:01:15]} 33. Bd3 {[%clk 00:01:55] [%emt 00:00:01]} c5 {[%clk 00:06:45] [%emt
00:00:40]} 34. Nb5 {[%clk 00:02:23] [%emt 00:00:02]} Nxd3 {[%clk 00:06:24] [%emt
00:00:52]} 35. Rxd3 {[%clk 00:02:50] [%emt 00:00:03]} Bf5 {[%clk 00:06:48] [%emt
00:00:06]} 36. Rd2 {[%clk 00:02:39] [%emt 00:00:41]} Ne3 {[%clk 00:06:08] [%emt
00:01:10]} 0-1

[Site "Europe Echecs"]

[Event "Grand Swiss "]
[Date "2025.09.14"]
[White "Ponomariov, Ruslan"]
[Black "Vitiugov, Nikita"]
[WhiteElo "2622"]
[BlackElo "2666"]
[Round "9.9.25"]
[Result "1/2-1/2"]

1. c4 {[%clk 01:40:53] [%emt 00:00:05]} e5 {[%clk 01:38:40] [%emt 00:02:21]} 2.
g3 {[%clk 01:40:53] [%emt 00:00:31]} Nc6 {[%clk 01:37:40] [%emt 00:01:30]} 3.
Bg2 {[%clk 01:40:50] [%emt 00:00:32]} g6 {[%clk 01:38:03] [%emt 00:00:07]} 4.
Nc3 {[%clk 01:39:03] [%emt 00:02:17]} Bg7 {[%clk 01:38:27] [%emt 00:00:06]} 5.
e4 {[%clk 01:38:15] [%emt 00:01:18]} d6 {[%clk 01:37:21] [%emt 00:01:35]} 6.
Nge2 {[%clk 01:29:32] [%emt 00:09:12]} f5 {[%clk 01:29:32] [%emt 00:08:20]} 7.
d3 {[%clk 01:28:26] [%emt 00:01:36]} Nf6 {[%clk 01:29:32] [%emt 00:00:30]} 8.
O-O {[%clk 01:28:30] [%emt 00:00:25]} O-O {[%clk 01:26:05] [%emt 00:03:57]} 9.
Nd5 {[%clk 01:26:39] [%emt 00:02:21]} Be6 {[%clk 01:19:24] [%emt 00:07:11]} 10.
Bg5 {[%clk 01:24:05] [%emt 00:03:03]} Qd7 {[%clk 01:15:24] [%emt 00:04:32]} 11.
Qd2 {[%clk 01:23:34] [%emt 00:01:00]} Rae8 {[%clk 01:12:26] [%emt 00:03:28]} 12.
Rae1 {[%clk 01:20:20] [%emt 00:03:43]} Nh5 {[%clk 01:09:20] [%emt 00:03:37]} 13.
exf5 {[%clk 01:14:15] [%emt 00:06:35]} Bxf5 {[%clk 01:07:09] [%emt 00:02:42]}
14. b4 {[%clk 01:07:51] [%emt 00:06:53]} Nd8 {[%clk 01:04:07] [%emt 00:03:32]}
15. b5 {[%clk 00:57:18] [%emt 00:11:03]} c6 {[%clk 00:59:01] [%emt 00:05:37]}
16. Ndc3 {[%clk 00:50:35] [%emt 00:07:12]} Bh3 {[%clk 00:53:24] [%emt 00:06:07]}
17. Be3 {[%clk 00:45:01] [%emt 00:06:04]} Bxg2 {[%clk 00:47:16] [%emt 00:06:39]}
18. Kxg2 {[%clk 00:44:59] [%emt 00:00:32]} Ne6 {[%clk 00:42:46] [%emt 00:04:59]}
19. f3 {[%clk 00:37:12] [%emt 00:08:18]} a6 {[%clk 00:37:00] [%emt 00:06:17]}
20. bxa6 {[%clk 00:36:29] [%emt 00:01:12]} bxa6 {[%clk 00:37:23] [%emt
00:00:07]} 21. d4 {[%clk 00:35:43] [%emt 00:01:15]} exd4 {[%clk 00:36:38] [%emt
00:01:16]} 22. Nxd4 {[%clk 00:35:24] [%emt 00:00:49]} Nf6 {[%clk 00:36:32] [%emt
00:00:36]} 23. Bf2 {[%clk 00:30:42] [%emt 00:05:12]} d5 {[%clk 00:31:52] [%emt
00:05:10]} 24. Nxe6 {[%clk 00:26:57] [%emt 00:04:15]} Rxe6 {[%clk 00:32:04]
[%emt 00:00:18]} 25. cxd5 {[%clk 00:26:15] [%emt 00:01:12]} Rxe1 {[%clk
00:26:39] [%emt 00:05:55]} 26. Rxe1 {[%clk 00:26:23] [%emt 00:00:22]} Nxd5
{[%clk 00:27:00] [%emt 00:00:09]} 27. Nxd5 {[%clk 00:26:04] [%emt 00:00:49]}
Qxd5 {[%clk 00:18:47] [%emt 00:08:43]} 28. Qxd5+ {[%clk 00:23:33] [%emt
00:03:01]} cxd5 {[%clk 00:19:08] [%emt 00:00:09]} 29. Rd1 {[%clk 00:23:56] [%emt
00:00:07]} Rd8 {[%clk 00:15:48] [%emt 00:03:50]} 30. Bd4 {[%clk 00:23:54] [%emt
00:00:32]} Bxd4 {[%clk 00:15:27] [%emt 00:00:52]} 1/2-1/2

[Site "Europe Echecs"]

[Event "Grand Swiss "]
[Date "2025.09.14"]
[White "Mendonca, Leon Luke"]
[Black "Artemiev, Vladislav"]
[WhiteElo "2615"]
[BlackElo "2664"]
[Round "9.9.26"]
[Result "1/2-1/2"]

1. e4 {[%clk 01:40:50] [%emt 00:00:09]} e5 {[%clk 01:38:59] [%emt 00:02:00]} 2.
Nf3 {[%clk 01:41:12] [%emt 00:00:08]} Nc6 {[%clk 01:39:10] [%emt 00:00:19]} 3.
Bc4 {[%clk 01:41:23] [%emt 00:00:19]} Nf6 {[%clk 01:39:19] [%emt 00:00:21]} 4.
Ng5 {[%clk 01:41:36] [%emt 00:00:18]} d5 {[%clk 01:38:52] [%emt 00:00:56]} 5.
exd5 {[%clk 01:41:59] [%emt 00:00:07]} Na5 {[%clk 01:38:21] [%emt 00:01:01]} 6.
Bb5+ {[%clk 01:42:21] [%emt 00:00:09]} c6 {[%clk 01:37:00] [%emt 00:01:51]} 7.
dxc6 {[%clk 01:42:43] [%emt 00:00:07]} bxc6 {[%clk 01:37:23] [%emt 00:00:08]} 8.
Be2 {[%clk 01:43:01] [%emt 00:00:11]} h6 {[%clk 01:36:32] [%emt 00:01:22]} 9.
Nh3 {[%clk 01:43:24] [%emt 00:00:07]} Bd6 {[%clk 01:29:32] [%emt 00:07:30]} 10.
d3 {[%clk 01:43:24] [%emt 00:00:31]} O-O {[%clk 01:19:12] [%emt 00:10:50]} 11.
O-O {[%clk 01:42:39] [%emt 00:01:14]} Bc7 {[%clk 00:47:38] [%emt 00:32:05]} 12.
Kh1 {[%clk 01:26:01] [%emt 00:17:08]} Qd6 {[%clk 00:25:08] [%emt 00:23:00]} 13.
Ng1 {[%clk 01:22:09] [%emt 00:04:21]} e4 {[%clk 00:20:44] [%emt 00:04:55]} 14.
g3 {[%clk 01:21:17] [%emt 00:01:22]} Bf5 {[%clk 00:20:05] [%emt 00:01:09]} 15.
Nc3 {[%clk 00:46:23] [%emt 00:35:24]} Rfd8 {[%clk 00:18:00] [%emt 00:02:34]} 16.
dxe4 {[%clk 00:29:10] [%emt 00:17:44]} Qxd1 {[%clk 00:16:18] [%emt 00:02:12]}
17. Rxd1 {[%clk 00:28:33] [%emt 00:01:06]} Nxe4 {[%clk 00:15:31] [%emt
00:01:18]} 18. Nxe4 {[%clk 00:28:55] [%emt 00:00:08]} Bxe4+ {[%clk 00:15:38]
[%emt 00:00:22]} 19. f3 {[%clk 00:29:04] [%emt 00:00:21]} Bxc2 {[%clk 00:15:13]
[%emt 00:00:55]} 20. Rxd8+ {[%clk 00:28:58] [%emt 00:00:36]} Rxd8 {[%clk
00:15:00] [%emt 00:00:43]} 21. Be3 {[%clk 00:29:08] [%emt 00:00:20]} Bb6 {[%clk
00:14:00] [%emt 00:01:30]} 22. Rc1 {[%clk 00:26:45] [%emt 00:02:53]} Bxe3 {[%clk
00:12:37] [%emt 00:01:53]} 23. Rxc2 {[%clk 00:27:10] [%emt 00:00:05]} c5 {[%clk
00:11:25] [%emt 00:01:42]} 24. f4 {[%clk 00:27:31] [%emt 00:00:08]} Nc6 {[%clk
00:11:00] [%emt 00:00:55]} 25. Nf3 {[%clk 00:27:56] [%emt 00:00:05]} Nd4 {[%clk
00:10:58] [%emt 00:00:33]} 26. Nxd4 {[%clk 00:28:20] [%emt 00:00:06]} Bxd4
{[%clk 00:10:32] [%emt 00:00:56]} 27. b3 {[%clk 00:28:05] [%emt 00:00:45]} Re8
{[%clk 00:09:22] [%emt 00:01:40]} 28. Kg2 {[%clk 00:28:22] [%emt 00:00:13]} Re3
{[%clk 00:08:51] [%emt 00:01:01]} 29. Bc4 {[%clk 00:27:58] [%emt 00:00:54]} Kf8
{[%clk 00:08:59] [%emt 00:00:21]} 30. Re2 {[%clk 00:28:06] [%emt 00:00:23]}
Rxe2+ {[%clk 00:09:18] [%emt 00:00:11]} 31. Bxe2 {[%clk 00:28:33] [%emt
00:00:03]} 1/2-1/2

[Site "Europe Echecs"]

[Event "Grand Swiss "]
[Date "2025.09.14"]
[White "Sadhwani, Raunak"]
[Black "Dardha, Daniel"]
[WhiteElo "2658"]
[BlackElo "2624"]
[Round "9.9.27"]
[Result "1/2-1/2"]

1. e4 {[%clk 01:40:58]} e5 {[%clk 01:40:50] [%emt 00:00:10]} 2. Nf3 {[%clk
01:41:22] [%emt 00:00:07]} Nc6 {[%clk 01:41:12] [%emt 00:00:08]} 3. Bb5 {[%clk
01:41:46] [%emt 00:00:06]} Nf6 {[%clk 01:41:28] [%emt 00:00:14]} 4. d3 {[%clk
01:42:09] [%emt 00:00:07]} Bc5 {[%clk 01:41:29] [%emt 00:00:29]} 5. Bxc6 {[%clk
01:42:32] [%emt 00:00:08]} dxc6 {[%clk 01:41:54] [%emt 00:00:05]} 6. O-O {[%clk
01:42:54] [%emt 00:00:07]} Nd7 {[%clk 01:41:06] [%emt 00:01:19]} 7. c3 {[%clk
01:43:10] [%emt 00:00:14]} O-O {[%clk 01:40:09] [%emt 00:01:26]} 8. d4 {[%clk
01:43:34] [%emt 00:00:06]} Bd6 {[%clk 01:40:15] [%emt 00:00:24]} 9. Bg5 {[%clk
01:43:59] [%emt 00:00:06]} f6 {[%clk 01:38:23] [%emt 00:02:22]} 10. Bh4 {[%clk
01:44:13] [%emt 00:00:15]} Qe7 {[%clk 01:34:19] [%emt 00:04:35]} 11. Nbd2 {[%clk
01:44:28] [%emt 00:00:15]} a5 {[%clk 01:30:25] [%emt 00:04:24]} 12. Qc2 {[%clk
01:39:39] [%emt 00:05:19]} Qf7 {[%clk 01:23:54] [%emt 00:07:01]} 13. Bg3 {[%clk
01:35:45] [%emt 00:04:24]} Re8 {[%clk 01:14:41] [%emt 00:09:43]} 14. b3 {[%clk
01:21:39] [%emt 00:14:36]} Nf8 {[%clk 00:57:15] [%emt 00:17:56]} 15. dxe5 {[%clk
01:17:07] [%emt 00:05:03]} fxe5 {[%clk 00:57:41] [%emt 00:00:05]} 16. Nc4 {[%clk
01:16:52] [%emt 00:00:44]} Ng6 {[%clk 00:57:47] [%emt 00:00:23]} 17. Rad1 {[%clk
01:12:59] [%emt 00:04:23]} Qf6 {[%clk 00:56:32] [%emt 00:01:46]} 18. Nxd6 {[%clk
00:57:38] [%emt 00:15:51]} cxd6 {[%clk 00:56:56] [%emt 00:00:05]} 19. Qd3 {[%clk
00:57:53] [%emt 00:00:14]} Bg4 {[%clk 00:43:50] [%emt 00:13:36]} 20. Qxd6 {[%clk
00:58:08] [%emt 00:00:16]} Bxf3 {[%clk 00:43:08] [%emt 00:01:12]} 21. Qxf6
{[%clk 00:58:23] [%emt 00:00:15]} gxf6 {[%clk 00:43:22] [%emt 00:00:16]} 22.
gxf3 {[%clk 00:58:47] [%emt 00:00:06]} Rad8 {[%clk 00:43:33] [%emt 00:00:20]}
23. Rfe1 {[%clk 00:54:48] [%emt 00:04:29]} Kf7 {[%clk 00:42:03] [%emt 00:02:01]}
24. Kf1 {[%clk 00:54:55] [%emt 00:00:22]} Ke6 {[%clk 00:40:43] [%emt 00:01:50]}
25. Ke2 {[%clk 00:55:15] [%emt 00:00:11]} h5 {[%clk 00:37:23] [%emt 00:03:50]}
26. h4 {[%clk 00:55:13] [%emt 00:00:31]} f5 {[%clk 00:37:34] [%emt 00:00:19]}
27. exf5+ {[%clk 00:55:40] [%emt 00:00:04]} Kxf5 {[%clk 00:37:59] [%emt
00:00:05]} 28. Rxd8 {[%clk 00:54:45] [%emt 00:01:24]} Rxd8 {[%clk 00:38:24]
[%emt 00:00:05]} 29. Rg1 {[%clk 00:55:09] [%emt 00:00:05]} Rd7 {[%clk 00:34:52]
[%emt 00:04:03]} 30. Re1 {[%clk 00:54:25] [%emt 00:01:13]} Rd8 {[%clk 00:30:54]
[%emt 00:04:29]} 31. Rg1 {[%clk 00:54:49] [%emt 00:00:06]} 1/2-1/2

[Site "Europe Echecs"]

[Event "Grand Swiss "]
[Date "2025.09.14"]
[White "Suleymanli, Aydin"]
[Black "Grischuk, Alexander"]
[WhiteElo "2602"]
[BlackElo "2657"]
[Round "9.9.28"]
[Result "1/2-1/2"]

1. e4 {[%clk 01:40:58] [%emt 00:00:02]} c5 {[%clk 01:40:22] [%emt 00:00:38]} 2.
Nf3 {[%clk 01:41:22] [%emt 00:00:05]} d6 {[%clk 01:40:49] [%emt 00:00:04]} 3.
Bb5+ {[%clk 01:41:46] [%emt 00:00:06]} Nd7 {[%clk 01:40:56] [%emt 00:00:22]} 4.
c4 {[%clk 01:42:11] [%emt 00:00:06]} Ngf6 {[%clk 01:40:11] [%emt 00:01:15]} 5.
Nc3 {[%clk 01:42:31] [%emt 00:00:11]} g6 {[%clk 01:40:10] [%emt 00:00:31]} 6.
O-O {[%clk 01:42:49] [%emt 00:00:11]} Bg7 {[%clk 01:38:52] [%emt 00:01:48]} 7.
h3 {[%clk 01:41:06] [%emt 00:02:12]} O-O {[%clk 01:37:48] [%emt 00:01:34]} 8.
Ba4 {[%clk 01:41:00] [%emt 00:00:36]} Nb6 {[%clk 01:36:48] [%emt 00:01:30]} 9.
Bb3 {[%clk 01:41:15] [%emt 00:00:16]} Nfd7 {[%clk 01:36:13] [%emt 00:01:05]} 10.
d3 {[%clk 01:40:19] [%emt 00:01:25]} Nb8 {[%emt 00:07:28]} 11. d4 {[%clk
01:35:25] [%emt 00:01:02]} cxd4 {[%clk 01:19:40] [%emt 00:14:26]} 12. Nxd4
{[%clk 01:35:48] [%emt 00:00:07]} Nc6 {[%clk 01:19:54] [%emt 00:00:17]} 13. Be3
{[%clk 01:34:21] [%emt 00:01:56]} Bd7 {[%clk 01:16:43] [%emt 00:03:42]} 14. Rc1
{[%clk 01:28:51] [%emt 00:05:59]} Rc8 {[%clk 01:10:57] [%emt 00:06:16]} 15. Nxc6
{[%clk 01:28:16] [%emt 00:01:06]} Bxc6 {[%clk 01:01:24] [%emt 00:10:03]} 16. Qd2
{[%clk 01:24:13] [%emt 00:04:32]} Nd7 {[%clk 00:45:35] [%emt 00:16:20]} 17. Rfd1
{[%clk 01:18:13] [%emt 00:06:30]} a6 {[%clk 00:37:25] [%emt 00:08:40]} 18. Bc2
{[%clk 01:09:14] [%emt 00:09:29]} b5 {[%clk 00:26:09] [%emt 00:11:46]} 19. cxb5
{[%clk 01:07:53] [%emt 00:01:51]} axb5 {[%clk 00:25:21] [%emt 00:01:18]} 20. Bd3
{[%clk 01:04:57] [%emt 00:03:26]} Nc5 {[%clk 00:18:03] [%emt 00:07:48]} 21. Nxb5
{[%clk 00:50:37] [%emt 00:14:49]} Nxd3 {[%clk 00:13:18] [%emt 00:05:16]} 22.
Qxd3 {[%clk 00:50:15] [%emt 00:00:52]} Bxb2 {[%clk 00:12:08] [%emt 00:01:40]}
23. Rb1 {[%clk 00:50:12] [%emt 00:00:33]} Bxb5 {[%clk 00:12:23] [%emt 00:00:16]}
24. Qxb5 {[%clk 00:50:38] [%emt 00:00:03]} Rb8 {[%clk 00:09:00] [%emt 00:03:53]}
25. Qc4 {[%clk 00:49:10] [%emt 00:01:58]} Qa5 {[%clk 00:08:06] [%emt 00:01:24]}
26. Bh6 {[%clk 00:42:42] [%emt 00:06:59]} Bg7 {[%clk 00:07:11] [%emt 00:01:25]}
27. Bxg7 {[%clk 00:42:42] [%emt 00:00:30]} Kxg7 {[%clk 00:07:34] [%emt
00:00:07]} 28. a4 {[%clk 00:41:39] [%emt 00:01:33]} Ra8 {[%clk 00:07:19] [%emt
00:00:45]} 29. Rb7 {[%clk 00:40:15] [%emt 00:01:54]} Qxa4 {[%clk 00:07:34] [%emt
00:00:15]} 30. Qxa4 {[%clk 00:40:43] [%emt 00:00:03]} Rxa4 {[%clk 00:07:57]
[%emt 00:00:07]} 31. Rxe7 {[%clk 00:41:01] [%emt 00:00:12]} 1/2-1/2

[Site "Europe Echecs"]

[Event "Grand Swiss "]
[Date "2025.09.14"]
[White "Grandelius, Nils"]
[Black "Gumularz, Szymon"]
[WhiteElo "2648"]
[BlackElo "2590"]
[Round "9.9.29"]
[Result "1-0"]

1. e4 {[%clk 01:40:44] [%emt 00:00:16]} e6 {[%clk 01:40:53] [%emt 00:00:07]} 2.
d4 {[%clk 01:40:43] [%emt 00:00:31]} d5 {[%clk 01:41:18] [%emt 00:00:06]} 3. e5
{[%clk 01:40:51] [%emt 00:00:22]} c5 {[%clk 01:41:42] [%emt 00:00:07]} 4. c3
{[%clk 01:41:16] [%emt 00:00:05]} Nc6 {[%clk 01:42:06] [%emt 00:00:05]} 5. Nf3
{[%clk 01:41:38] [%emt 00:00:06]} Bd7 {[%clk 01:41:33] [%emt 00:01:06]} 6. Be2
{[%clk 01:41:46] [%emt 00:00:21]} Nge7 {[%clk 01:41:25] [%emt 00:00:39]} 7. O-O
{[%clk 01:41:19] [%emt 00:00:56]} Ng6 {[%clk 01:41:43] [%emt 00:00:12]} 8. g3
{[%clk 01:40:48] [%emt 00:01:02]} f6 {[%clk 01:39:06] [%emt 00:03:07]} 9. exf6
{[%clk 01:39:42] [%emt 00:01:35]} Qxf6 {[%clk 01:39:31] [%emt 00:00:05]} 10. Be3
{[%clk 01:39:52] [%emt 00:00:20]} cxd4 {[%clk 01:35:12] [%emt 00:04:50]} 11.
Nxd4 {[%clk 01:39:46] [%emt 00:00:35]} Be7 {[%clk 01:30:57] [%emt 00:04:45]} 12.
Nd2 {[%clk 01:29:25] [%emt 00:10:50]} O-O {[%clk 01:28:13] [%emt 00:03:14]} 13.
Nxc6 {[%clk 01:11:33] [%emt 00:18:22]} bxc6 {[%clk 01:10:59] [%emt 00:17:45]}
14. f4 {[%clk 01:05:24] [%emt 00:06:39]} e5 {[%clk 00:53:01] [%emt 00:18:28]}
15. f5 {[%clk 00:31:46] [%emt 00:34:08]} Bxf5 {[%clk 00:53:19] [%emt 00:00:12]}
16. g4 {[%clk 00:32:11] [%emt 00:00:05]} Nh4 {[%clk 00:53:44] [%emt 00:00:05]}
17. gxf5 {[%clk 00:32:35] [%emt 00:00:07]} Nxf5 {[%clk 00:54:08] [%emt
00:00:05]} 18. Kh1 {[%clk 00:29:09] [%emt 00:03:56]} Qg6 {[%clk 00:26:17] [%emt
00:28:22]} 19. Bf2 {[%clk 00:28:53] [%emt 00:00:44]} e4 {[%clk 00:25:23] [%emt
00:01:26]} 20. Bg4 {[%clk 00:27:05] [%emt 00:02:18]} Bd6 {[%clk 00:20:52] [%emt
00:05:02]} 21. Bxf5 {[%clk 00:13:04] [%emt 00:14:31]} Rxf5 {[%clk 00:21:17]
[%emt 00:00:04]} 22. Bg1 {[%clk 00:13:29] [%emt 00:00:06]} Rh5 {[%clk 00:20:35]
[%emt 00:01:11]} 23. Rf2 {[%clk 00:09:34] [%emt 00:04:25]} Re8 {[%clk 00:18:47]
[%emt 00:02:17]} 24. Rg2 {[%clk 00:09:36] [%emt 00:00:29]} Qh6 {[%clk 00:17:35]
[%emt 00:01:42]} 25. Qg4 {[%clk 00:07:58] [%emt 00:02:06]} Bf4 {[%clk 00:17:30]
[%emt 00:00:37]} 26. Rf1 {[%clk 00:06:06] [%emt 00:02:22]} Rf8 {[%clk 00:17:57]
[%emt 00:00:03]} 27. Nb3 {[%clk 00:04:56] [%emt 00:01:40]} Rg5 {[%clk 00:08:26]
[%emt 00:10:01]} 28. Qe2 {[%clk 00:05:06] [%emt 00:00:20]} Rgf5 {[%clk 00:07:37]
[%emt 00:01:19]} 29. Nd4 {[%clk 00:04:35] [%emt 00:01:01]} R5f6 {[%clk 00:08:03]
[%emt 00:00:04]} 30. b4 {[%clk 00:03:54] [%emt 00:01:12]} Qh3 {[%clk 00:05:45]
[%emt 00:02:47]} 31. Qg4 {[%clk 00:02:37] [%emt 00:01:47]} Qxg4 {[%clk 00:04:58]
[%emt 00:01:17]} 32. Rxg4 {[%clk 00:03:06]} Bd2 {[%clk 00:05:24] [%emt
00:00:05]} 33. Rxf6 {[%clk 00:03:00] [%emt 00:00:36]} Rxf6 {[%clk 00:05:53]
[%emt 00:00:01]} 34. Rg3 {[%clk 00:02:25] [%emt 00:01:04]} Rf1 {[%clk 00:06:18]
[%emt 00:00:05]} 35. Kg2 {[%clk 00:02:27] [%emt 00:00:29]} Ra1 {[%clk 00:05:43]
[%emt 00:01:05]} 36. Nxc6 {[%clk 00:02:13] [%emt 00:00:44]} Rxa2 {[%clk
00:05:55] [%emt 00:00:18]} 37. Kh3 {[%clk 00:01:57] [%emt 00:00:46]} h5 {[%clk
00:04:52] [%emt 00:01:33]} 38. Rg2 {[%clk 00:00:55] [%emt 00:01:32]} g5 {[%clk
00:05:10] [%emt 00:00:12]} 39. Re2 {[%clk 00:01:04] [%emt 00:00:21]} Rb2 {[%clk
00:01:07] [%emt 00:04:34]} 40. Ne7+ {[%clk 00:00:56] [%emt 00:00:37]} Kf7 {[%clk
00:01:33] [%emt 00:00:03]} 41. Nxd5 {[%clk 00:01:05] [%emt 00:00:22]} 1-0

[Site "Europe Echecs"]

[Event "Grand Swiss "]
[Date "2025.09.14"]
[White "Lagarde, Maxime"]
[Black "Lu, Shanglei"]
[WhiteElo "2609"]
[BlackElo "2647"]
[Round "9.9.30"]
[Result "1/2-1/2"]

1. c4 {[%clk 01:40:58] [%emt 00:00:02]} Nf6 {[%clk 01:40:46] [%emt 00:00:14]} 2.
Nc3 {[%clk 01:41:25] [%emt 00:00:04]} e6 {[%clk 01:41:03] [%emt 00:00:13]} 3. e4
{[%clk 01:41:51] [%emt 00:00:04]} c5 {[%clk 01:41:25] [%emt 00:00:07]} 4. e5
{[%clk 01:42:08] [%emt 00:00:13]} Ng8 {[%clk 01:41:50] [%emt 00:00:05]} 5. d4
{[%clk 01:42:31] [%emt 00:00:08]} cxd4 {[%clk 01:42:15] [%emt 00:00:05]} 6. Qxd4
{[%clk 01:42:57] [%emt 00:00:03]} Nc6 {[%clk 01:42:39] [%emt 00:00:05]} 7. Qf4
{[%clk 01:43:24] [%emt 00:00:03]} d6 {[%clk 01:43:04] [%emt 00:00:05]} 8. Nf3
{[%clk 01:43:50] [%emt 00:00:04]} Nh6 {[%clk 01:43:30] [%emt 00:00:04]} 9. Be2
{[%clk 01:43:59] [%emt 00:00:22]} Nf5 {[%clk 01:43:57] [%emt 00:00:03]} 10. O-O
{[%clk 01:43:26] [%emt 00:01:03]} dxe5 {[%clk 01:44:24] [%emt 00:00:03]} 11.
Nxe5 {[%clk 01:43:51] [%emt 00:00:05]} Qc7 {[%clk 01:44:52] [%emt 00:00:02]} 12.
Nb5 {[%clk 01:43:45] [%emt 00:00:35]} Qxe5 {[%clk 01:45:17] [%emt 00:00:05]} 13.
Qxe5 {[%clk 01:44:13] [%emt 00:00:03]} Nxe5 {[%clk 01:45:41] [%emt 00:00:05]}
14. Nc7+ {[%clk 01:44:39] [%emt 00:00:04]} Kd8 {[%clk 01:45:59] [%emt 00:00:12]}
15. Nxa8 {[%clk 01:45:04] [%emt 00:00:05]} Bd7 {[%clk 01:46:23] [%emt 00:00:07]}
16. Rd1 {[%clk 01:44:59] [%emt 00:00:34]} Kc8 {[%clk 01:45:46] [%emt 00:01:08]}
17. g4 {[%clk 01:45:04] [%emt 00:00:25]} Nh4 {[%clk 01:46:09] [%emt 00:00:07]}
18. Be3 {[%clk 01:45:25] [%emt 00:00:09]} Bc6 {[%clk 01:44:14] [%emt 00:02:25]}
19. Bxa7 {[%clk 01:45:37] [%emt 00:00:18]} b6 {[%clk 01:35:03] [%emt 00:09:41]}
20. Bxb6 {[%clk 01:46:00] [%emt 00:00:07]} Be7 {[%clk 01:22:22] [%emt 00:13:11]}
21. Nc7 {[%clk 01:46:23] [%emt 00:00:07]} Kb7 {[%clk 01:18:25] [%emt 00:04:27]}
22. c5 {[%clk 01:46:25] [%emt 00:00:27]} h5 {[%clk 01:18:51] [%emt 00:00:05]}
23. g5 {[%clk 01:45:04] [%emt 00:01:51]} Nhf3+ {[%clk 01:16:39] [%emt 00:02:42]}
24. Bxf3 {[%clk 01:45:24] [%emt 00:00:11]} Nxf3+ {[%clk 01:17:04] [%emt
00:00:05]} 25. Kg2 {[%clk 01:45:48] [%emt 00:00:05]} h4 {[%clk 01:17:12] [%emt
00:00:22]} 26. b4 {[%clk 01:45:42] [%emt 00:00:36]} h3+ {[%clk 01:15:03] [%emt
00:02:39]} 27. Kg3 {[%clk 01:46:08] [%emt 00:00:04]} Bxg5 {[%clk 01:15:21] [%emt
00:00:12]} 28. b5 {[%clk 01:46:35] [%emt 00:00:04]} Bh4+ {[%clk 01:15:44] [%emt
00:00:07]} 29. Kf4 {[%clk 01:47:01] [%emt 00:00:03]} Bg5+ {[%clk 01:16:09] [%emt
00:00:05]} 30. Kg3 {[%clk 01:47:28] [%emt 00:00:03]} Bh4+ {[%clk 01:16:34] [%emt
00:00:05]} 31. Kf4 {[%emt 00:00:02]} 1/2-1/2

[Site "Europe Echecs"]